000 00405nam a2200145Ia 4500
008 100122s9999 xx 000 0 und d
082 _b19736
_a823.08
100 _aभावे पु भा
245 _aध्यास
260 _bकॉटीनेंटल बुक सर्व्हीस
_c1973
300 _a148
630 _aध्यास
730 _aध्यास
942 _cBOOK
999 _c408688
_d408685